00000000nam 2200000zi 4500
0019.921998
003CaOODSP
00520230426144316
006m     o  d f      
007cr |n|||||||||
008201020e199402##oncabd  o    f000 0|eng d
040 |aCaOODSP|beng|erda|cCaOODSP
043 |an-cn---|an-us---
0861 |aIu44/231-1994E-PDF
24504|aThe cost competitiveness of light weight coated (LWC) manufacturing in Canada / |cCompetitiveness Analysis, Corporate and Industrial Analysis Branch ; in collaboration with Forest Industries Resource Processing Industries Branch.
24617|aLWC manufacturing cost competitiveness study
264 1|a[Ottawa] : |bIndustry Canada, |cFebruary 1994.
300 |a1 online resource (71 pages) : |billustrations, graphs, maps
336 |atext|btxt|2rdacontent
337 |acomputer|bc|2rdamedia
338 |aonline resource|bcr|2rdacarrier
500 |aDigitized edition from print [produced by Innovation, Science and Economic Development Canada].
650 0|aPaper coatings industry|zCanada.
650 0|aPaper coatings industry|zUnited States.
650 0|aCompetition, International.
650 6|aRevêtements|xIndustrie|zCanada.
650 6|aRevêtements|xIndustrie|zÉtats-Unis.
650 6|aConcurrence internationale.
7101 |aCanada. |bIndustry Canada, |eissuing body.
85640|qPDF|s1.82 MB|uhttps://publications.gc.ca/collections/collection_2023/isde-ised/Iu44-231-1994-eng.pdf